000
00289nam a2200109Ia 4500
005
20251222144841.0
008
251222s9999||||xx |||||||||||||| ||spa||
082
_a
658.022.81/S32
245
0
_a
Servicio Brasileño de Apoyo a las Micro y Pequeñas Empresas
264
_b
SEBRAE
942
_c
LIB
999
_c
21235
_d
21235